Pád Dzurindu sa rozhodli podporiť aj niektorí ... premiérovi opozícia vyčítala korupčné škandály ...

Bibliographic Details
Main Author: Borčin, Ján (Author)
Format: Article
Language:Slovak
Subjects:

MARC

LEADER 00000nab a2200000 a 4500
001 vtls000802759
003 SK-MaSNL
005 20260304015732.0
008 180206c2002 xo 0 slo
015 |a SNBRB2002/08-24131 
035 |a CLN000154414 
040 |a SNKBUCL  |b slo  |c SNKBUCL  |e AACR2 
041 0 |a slo 
044 |a xo  |c SK 
080 |a 328.1(437.6)  |2 UDC-MRF-SK2 
100 1 |a Borčin, Ján  |4 aut  |9 603520 
245 1 0 |a Pád Dzurindu sa rozhodli podporiť aj niektorí ...  |b premiérovi opozícia vyčítala korupčné škandály ...  |c Ján Borčin 
300 |b Fotogr. 
600 1 7 |a Dzurinda, Mikuláš,  |d 1955-  |2 snkbucl  |9 192399 
610 1 7 |a Slovensko.  |b Národná rada  |2 snkbucl  |9 165573 
655 7 |a články z novín a časopisov  |2 snkbucl  |9 267496 
773 0 |x 1335-4671  |t Národná obroda  |g Roč. 13, č. 154 (4.7.2002), s. 2 
850 |a Slovenská národná knižnica v Martine 
852 |a SNK  |b KIS3GCP 
958 |a RBX 
999 |c 2593721  |d 2595651